000 00538nam a22001577a 4500
020 _qHard Cover.
082 _a005
100 _aYousaf, Nazish
245 _aAutomated Model-based UI Test Case Generation from Interaction Flow Modeling Language (IFML) Models /
_cNazish Yousaf
260 _aIslamabad :
_bCEME - NUST,
_c2017.
300 _a92 p. : ill. ;
_c30cm.
650 _aSoftware Engineering-MS-Thesis.
_916149
700 _aDr. Farooque Azam.
_917306
942 _2ddc
_cTHE
999 _c540673
_d540673